Case law starts to clarify new building safety liability regime (Record no. 122137)

MARC details
000 -LEADER
fixed length control field 01516cad a22002655a 4500
008 - FIXED-LENGTH DATA ELEMENTS--GENERAL INFORMATION
fixed length control field 250408e20250402xxk f 000 0 eng |
041 0# - LANGUAGE CODE
Language code of text/sound track or separate title eng
100 1# - MAIN ENTRY--PERSONAL NAME
Personal name Ryan, Sue
110 ## - MAIN ENTRY--CORPORATE NAME
Corporate name or jurisdiction name as entry element Royal Institution of Chartered Surveyors
9 (RLIN) 4900
245 00 - TITLE STATEMENT
Title Case law starts to clarify new building safety liability regime
Medium [electronic resource]
260 ## - PUBLICATION, DISTRIBUTION, ETC.
Place of publication, distribution, etc. London
Name of publisher, distributor, etc. RICS
Date of publication, distribution, etc. 2 April 2025
490 #0 - SERIES STATEMENT
Series statement Construction Journal
520 ## - SUMMARY, ETC.
Summary, etc. While building liability orders (BLOs) were introduced in 2022 as a way to enforce against safety defects, courts have given little guidance until three recent cases – including the first award of a BLO. Mentions Willmott Dixon v Prater and others [2024] EWHC 1190 (TCC); 381 Southwark Park Road RTM Company Ltd & Ors v Click St Andrews Ltd & Anor [2024] EWHC 3179 (TCC) issued in December 2024, in February 2025 in BDW Trading Ltd v Ardmore Construction Ltd & Ors [2025] EWHC 434 (TCC). The decision in BDW primarily addresses information orders under section 132 of the 2022 Act.
650 24 - SUBJECT ADDED ENTRY--TOPICAL TERM
Topical term or geographic name entry element BUILDING LIABILITY ORDERS
650 24 - SUBJECT ADDED ENTRY--TOPICAL TERM
Topical term or geographic name entry element BUILDING SAFETY ACT 2022
650 24 - SUBJECT ADDED ENTRY--TOPICAL TERM
Topical term or geographic name entry element BUILDING CONTROL
650 24 - SUBJECT ADDED ENTRY--TOPICAL TERM
Topical term or geographic name entry element LITIGATION
651 #4 - SUBJECT ADDED ENTRY--GEOGRAPHIC NAME
Geographic name United Kingdom
690 ## - LOCAL SUBJECT ADDED ENTRY--TOPICAL TERM (OCLC, RLIN)
Topical term or geographic name as entry element Contracts
9 (RLIN) 6232
700 ## - ADDED ENTRY--PERSONAL NAME
Personal name Ryan, Sue
700 ## - ADDED ENTRY--PERSONAL NAME
Personal name Smith, Louise
710 ## - ADDED ENTRY--CORPORATE NAME
Corporate name or jurisdiction name as entry element Royal Institution of Chartered Surveyors
9 (RLIN) 4900
856 40 - ELECTRONIC LOCATION AND ACCESS
Uniform Resource Identifier <a href="https://ww3.rics.org/uk/en/journals/construction-journal/building-safety-act-building-liability-orders.html">https://ww3.rics.org/uk/en/journals/construction-journal/building-safety-act-building-liability-orders.html</a>
Public note Read RICS Construction Journal article
942 ## - ADDED ENTRY ELEMENTS (KOHA)
Suppress in OPAC 0
Source of classification or shelving scheme Dewey Decimal Classification
Holdings
Withdrawn status Lost status Damaged status Not for loan Home library Current library Shelving location Date acquired Total Checkouts Date last seen Price effective from Koha item type
        Virtual Virtual Online 08/04/2025   08/04/2025 08/04/2025 Journal article